000 00624nam a2200133Ia 4500
008 160809s9999 xx 000 0 und d
100 _aRM, Mudiyanse.
245 _aEvaluation of a Multidisciplinary Professional Development Activity to Enhance Communication Skills Based on Calgary Cambridge Model
245 _cMudiyanse RM, Herath C, Gamage P, Weerasooriya N, Arosha P, Premarathna KG, De Silva H and Edussuriya D.
260 _bJournal of Nursing and Care
260 _cFebruary 2016
650 _xNURSING
856 _uhttp://www.omicsgroup.org/journals/ArchiveJNC/jnc-archive.php?journal=jnc&month=February&year=2020
999 _c300153
_d300153